[Event "Kuwait Amateur Group A"]
[Site "Kuwait"]
[Date "2017.11.06"]
[Round "2.4"]
[White "Abdel Latif, Alaa Mahmoud"]
[Black "Joshua, Bacalzo"]
[Result "1-0"]
[WhiteElo "1644"]
[BlackElo "1707"]
[PlyCount "41"]
[EventDate "2017.11.05"]
[EventType "swiss"]
[EventRounds "9"]
[EventCountry "KUW"]
[SourceTitle "EXT 2024"]
[Source "ChessBase"]
[SourceDate "2023.10.10"]
[SourceVersion "1"]
[SourceVersionDate "2023.10.10"]
[SourceQuality "1"]

1. e4 c5 2. Nf3 Nc6 3. d4 cxd4 4. Nxd4 e6 5. Nc3 a6 6. Be3 Qc7 7. Qd2 Nf6 8. f3 Ne5 9. 0-0-0 Nc4 10. Bxc4 Qxc4 11. Nb3 a5 12. e5 Ng8 13. Ne4 Qc7 14. Kb1 b6 15. Nd6+ Bxd6 16. exd6 Qc6 17. Qd4 Nf6 18. Bg5 Nd5 19. Qxg7 Rf8 20. Rxd5 Qxd5 21. Be7 1-0

[Event "KUW Challenge Cup 2nd"]
[Site "Kuwait"]
[Date "2017.09.18"]
[Round "2.1"]
[White "Joshua, Bacalzo"]
[Black "Alothman, Abdul Wahab"]
[Result "0-1"]
[WhiteElo "1663"]
[BlackElo "2048"]
[PlyCount "46"]
[EventDate "2017.09.17"]
[EventType "team-swiss"]
[EventRounds "9"]
[EventCountry "KUW"]
[SourceTitle "EXT 2019"]
[Source "ChessBase"]
[SourceDate "2018.10.10"]
[SourceVersion "1"]
[SourceVersionDate "2018.10.10"]
[SourceQuality "1"]

1. d4 d5 2. c4 c6 3. e3 Nf6 4. Nc3 e6 5. Bd3 Nbd7 6. a3 Bd6 7. Nf3 0-0 8. 0-0 dxc4 9. Bxc4 e5 10. dxe5 Nxe5 11. Nxe5 Bxe5 12. Qxd8 Rxd8 13. Be2 Bf5 14. f3 Bd3 15. Kf2 Rd7 16. g3 Rad8 17. e4 Bxc3 18. bxc3 Bxe2 19. Kxe2 Rd3 20. Rb1 b6 21. Bb2 Rd2+ 22. Ke3 g5 23. e5 R8d3# 0-1